000 00256nam a2200109Ia 4500
008 190216s9999||||xx |||||||||||||| ||und||
100 _aSaksena S C
245 0 _aText Book Of Commercial Correspondence
260 _bNull
_c1970
300 _a272p
942 _cBK
999 _c3964
_d3964